| 000 | 01337cam a22003135a 4500 | ||
|---|---|---|---|
| 001 | 017506027 | ||
| 003 | OSt | ||
| 005 | 20161016145251.0 | ||
| 008 | 150821t2015 nju frb 001 0 eng d | ||
| 020 | _a9781119094661 (hbk.) | ||
| 040 |
_aStDuBDS _beng _cStDuBDS _dEG-ScBUE |
||
| 082 | 0 | 4 |
_a332.0240715 _bFIN _222 |
| 245 | 0 | 0 |
_aFinancial planning competency handbook / _c[edited] by Charles R. Chaffin ; [Certified Financial Planner Board of Standards] |
| 250 | _a2nd ed. | ||
| 260 |
_aHoboken : _bJohn Wiley & Sons, Inc., _cc.2015. |
||
| 300 |
_axxxiii, 907 p. ; _c24 cm. |
||
| 490 | 0 | _aWiley finance series | |
| 500 | _aIndex : p. 879-907. | ||
| 504 | _aIncludes bibliographical references. | ||
| 520 | _a The official CFP guide for career excellence CFP Board Financial Planning Competency Handbook is the essential reference for those at any stage of CFP certification and a one-stop resource for practitioners looking to better serve their clients. | ||
| 650 | 0 |
_aCertified Financial Planner Examination _vStudy guides. _2BUEsh |
|
| 650 | 0 |
_aFinancial planners _xExaminations _vStudy guides. _2BUEsh |
|
| 650 | 0 |
_aFinance, Personal. _2BUEsh |
|
| 651 | _2BUEsh | ||
| 653 |
_bBUSADM _cOctober2016 |
||
| 700 | 1 |
_aChaffin, Charles R. _eeditor. |
|
| 710 | 2 | 0 | _aCertified Financial Planner Board of Standards. |
| 942 | _2ddc | ||
| 999 |
_c22613 _d22585 |
||